| 000 | 00382nam a22001337a 4500 | ||
|---|---|---|---|
| 082 |
_a625.8 _bMEY |
||
| 100 |
_aMeyers, James F. _943732 |
||
| 245 |
_aFly ash a highway construction materials _cMeyers, James F. |
||
| 260 |
_aUSA _bGai consultants _c1976 |
||
| 300 |
_axvii, 177 p. _bill. _c30 cm |
||
| 526 |
_a0 _b0 _c0 _d625_800000000000000_MEY |
||
| 650 |
_aMCE _9379 |
||
| 942 |
_2ddc _cBK |
||
| 999 |
_c548042 _d548042 |
||